[Event "I. CLANSKA LIGA ZAHOD 2024"]
[Site "Komenda"]
[Date "2024.09.27"]
[Round "1.4"]
[White "Bajo, Tin"]
[Black "Siraj, Svit"]
[Result "0-1"]
[WhiteElo "2007"]
[BlackElo "2048"]
[PlyCount "64"]
[EventDate "2024.09.27"]
[WhiteTeam "SK KOCEVJE"]
[BlackTeam "SD VRHNIKA"]

1. e4 e5 2. Nf3 Nc6 3. Bc4 Bc5 4. c3 Nf6 5. d4 exd4 6. e5 d5 7. Bb5 Ne4 8. cxd4
Bb6 9. Nc3 O-O 10. Be3 f6 11. Qb3 Nxc3 12. Bxc6 Ba5 13. bxc3 bxc6 14. exf6 Qxf6
15. Ne5 Bb6 16. O-O a5 17. a4 Ba6 18. Rfe1 Rad8 19. Qd1 Ba7 20. Qd2 h6 21. c4
c5 22. Ng4 Qf5 23. Qxa5 cxd4 24. Qxa6 Ra8 25. c5 dxe3 26. Nxe3 Qxf2+ 27. Kh1
Bxc5 28. Qe6+ Kh8 29. Nxd5 Rxa4 30. Rad1 Rh4 31. Qe2 Rxh2+ 32. Kxh2 Qh4# 0-1

[Event "I. CLANSKA LIGA ZAHOD 2024"]
[Site "Komenda"]
[Date "2024.09.27"]
[Round "1.4"]
[White "Okorn, Nejc"]
[Black "Bajo, Igor"]
[Result "1-0"]
[WhiteElo "1903"]
[BlackElo "1911"]
[PlyCount "55"]
[EventDate "2024.09.27"]
[WhiteTeam "SD VRHNIKA"]
[BlackTeam "SK KOCEVJE"]

1. e4 c5 2. Nc3 Nc6 3. g3 d6 4. Bg2 g6 5. d3 Bg7 6. Be3 a6 7. Qd2 Bd7 8. Nge2
e6 9. O-O Nge7 10. Bh6 O-O 11. Rad1 Qc7 12. Bxg7 Kxg7 13. d4 Rad8 14. dxc5 dxc5
15. Qg5 Qe5 16. Qe3 b6 17. f4 Qc7 18. g4 f5 19. gxf5 exf5 20. Nd5 Nxd5 21. exd5
Nd4 22. Nxd4 cxd4 23. Qe5+ Qxe5 24. fxe5 Bb5 25. Rf4 Rfe8 26. e6 Kf6 27. Rfxd4
Rd6 28. c4 1-0

[Event "I. CLANSKA LIGA ZAHOD 2024"]
[Site "Komenda"]
[Date "2024.09.27"]
[Round "1.4"]
[White "Mihic, Peter"]
[Black "Sever, Gasper"]
[Result "0-1"]
[WhiteElo "1783"]
[BlackElo "1790"]
[PlyCount "53"]
[EventDate "2024.09.27"]
[WhiteTeam "SK KOCEVJE"]
[BlackTeam "SD VRHNIKA"]

1. e4 e5 2. Nf3 Nc6 3. Bb5 a6 4. Ba4 Nf6 5. O-O b5 6. Bb3 Be7 7. Re1 O-O 8. c3
d6 9. a4 Rb8 10. h3 Na5 11. Bc2 c5 12. d4 Nd7 13. Nbd2 exd4 14. cxd4 Qc7 15.
Nf1 Bf6 16. e5 dxe5 17. dxe5 Nxe5 18. Nxe5 Bxe5 19. Qh5 f5 20. Ne3 g6 21. Qe2
Bb7 22. axb5 axb5 23. Qxb5 Bh2+ 24. Kh1 Bxg2+ 25. Kxg2 Rxb5 26. f3 Qg3+ 27. Kh1
0-1

[Event "I. CLANSKA LIGA ZAHOD 2024"]
[Site "Komenda"]
[Date "2024.09.27"]
[Round "1.5"]
[White "Gantar, Jan"]
[Black "Rodman, Franc"]
[Result "1/2-1/2"]
[WhiteElo "2169"]
[BlackElo "1999"]
[PlyCount "63"]
[EventDate "2024.09.27"]
[WhiteTeam "SK KOMENDA"]
[BlackTeam "SD SIJ ACRONI JESENICE"]

1. e4 e5 2. Nf3 Nc6 3. Bc4 Nf6 4. d3 Be7 5. Bb3 O-O 6. O-O d6 7. c3 Be6 8. Bc2
Bg4 9. h3 Bh5 10. Re1 Re8 11. Nbd2 Bf8 12. Nf1 a6 13. Ng3 Bg6 14. Nh4 d5 15.
Nxg6 hxg6 16. Qf3 dxe4 17. Nxe4 Nxe4 18. Qxe4 Qd7 19. Be3 Rad8 20. Rad1 Qd5 21.
Bg5 Qxe4 22. Rxe4 Be7 23. Bxe7 Rxe7 24. Rde1 g5 25. Rg4 f6 26. h4 gxh4 27. Rxh4
g5 28. Rh5 Rh7 29. Rxh7 Kxh7 30. g3 Kg7 31. Kg2 f5 32. b4 1/2-1/2

[Event "I. CLANSKA LIGA ZAHOD 2024"]
[Site "Komenda"]
[Date "2024.09.27"]
[Round "1.5"]
[White "Jeraj, Zlatko"]
[Black "Lucovnik, Tilen"]
[Result "1/2-1/2"]
[WhiteElo "1989"]
[BlackElo "2169"]
[PlyCount "62"]
[EventDate "2024.09.27"]
[WhiteTeam "SD SIJ ACRONI JESENICE"]
[BlackTeam "SK KOMENDA"]

1. d4 d5 2. Nf3 Nf6 3. c4 dxc4 4. Nc3 a6 5. a4 Nc6 6. e3 Na5 7. Ne5 Be6 8. e4
Nb3 9. d5 Nxa1 10. Bxc4 Bd7 11. Be3 e6 12. Qxa1 Bd6 13. f4 exd5 14. exd5 Ng4
15. Nxg4 Bxg4 16. O-O O-O 17. Qe1 Qe7 18. Qf2 Rae8 19. Bd4 f6 20. Bd3 Qd7 21.
Qc2 g6 22. Ne4 Qd8 23. Nf2 Bf5 24. Bxf5 gxf5 25. Qxf5 Qc8 26. Qh5 c5 27. dxc6
Qxc6 28. Ng4 Be7 29. Nh6+ Kh8 30. Nf7+ Kg8 31. Nh6+ Kh8 1/2-1/2

[Event "I. CLANSKA LIGA ZAHOD 2024"]
[Site "Komenda"]
[Date "2024.09.27"]
[Round "1.5"]
[White "Keber, Aljosa"]
[Black "Pazlar, Marko"]
[Result "1/2-1/2"]
[WhiteElo "2103"]
[BlackElo "1975"]
[PlyCount "160"]
[EventDate "2024.09.27"]
[WhiteTeam "SK KOMENDA"]
[BlackTeam "SD SIJ ACRONI JESENICE"]

1. c4 e6 2. g3 d5 3. Bg2 Nf6 4. Nf3 c6 5. O-O Be7 6. b3 O-O 7. Bb2 Nbd7 8. d3
a5 9. a3 b5 10. Nbd2 Bb7 11. e4 dxc4 12. dxc4 bxc4 13. Nxc4 c5 14. Nfd2 Qc7 15.
Qc2 Rfd8 16. Rfd1 e5 17. Qc3 Re8 18. Nxe5 Nxe5 19. Qxe5 Qxe5 20. Bxe5 a4 21.
Rab1 axb3 22. Rxb3 Bc6 23. Rc1 Red8 24. Bxf6 gxf6 25. Nc4 Ra6 26. Ne3 Re8 27.
Nf5 Bf8 28. Rcc3 Bd7 29. Ne3 Be6 30. Nd5 Bxd5 31. exd5 Bd6 32. Bf1 Ra5 33. Bb5
c4 34. Rxc4 Rxa3 35. Rxa3 Bxa3 36. Rc7 Rd8 37. Bd7 Bd6 38. Ra7 Kf8 39. Kg2 Bc5
40. Rb7 Bd6 41. Bf5 h6 42. f4 Bc5 43. Bd7 Bd6 44. Bc6 Kg7 45. Kf3 f5 46. Ke3 h5
47. Kd4 h4 48. Rd7 Rxd7 49. Bxd7 hxg3 50. hxg3 Kf6 51. Bc8 Bb4 52. Ke3 Bc5+ 53.
Kf3 Bd6 54. Kg2 Bc5 55. Kh3 Bd6 56. Kh4 Kg6 57. Ba6 Be7+ 58. Kh3 Bd6 59. Bd3
Bc7 60. Bc2 Bd6 61. Kg2 Kf6 62. Kf3 Bc5 63. Ke2 Bb4 64. Bb3 Bc5 65. Bc4 Bb4 66.
Bd3 Bc5 67. Bb1 Bb4 68. Kf2 Bc5+ 69. Kg2 Bd6 70. Kh3 Kg6 71. Ba2 Bc7 72. Bc4
Bd6 73. Bd3 Bc7 74. g4 Bxf4 75. Kh4 Kf6 76. gxf5 Ke5 77. Kg4 Bd2 78. Bc4 f6 79.
Kh5 Bc3 80. Kg6 Kd6 1/2-1/2

[Event "I. CLANSKA LIGA ZAHOD 2024"]
[Site "Komenda"]
[Date "2024.09.27"]
[Round "1.5"]
[White "Pavlin, Ivan"]
[Black "Zidar, Jernej"]
[Result "0-1"]
[WhiteElo "1906"]
[BlackElo "2055"]
[PlyCount "94"]
[EventDate "2024.09.27"]
[WhiteTeam "SD SIJ ACRONI JESENICE"]
[BlackTeam "SK KOMENDA"]

1. d4 d5 2. c4 c6 3. e3 Nf6 4. Nc3 e6 5. Nf3 Nbd7 6. Be2 dxc4 7. Bxc4 b5 8. Bd3
Bd6 9. O-O O-O 10. Bd2 Bb7 11. Rc1 Rc8 12. h3 a6 13. a3 c5 14. dxc5 Nxc5 15.
Bb1 e5 16. b4 Ne6 17. Qe2 e4 18. Nd4 Nxd4 19. exd4 Re8 20. Be3 Bb8 21. g3 h5
22. Kh2 h4 23. Rfd1 Nd5 24. Nxd5 Qxd5 25. Ba2 Qf5 26. Qg4 hxg3+ 27. fxg3 Qxg4
28. hxg4 Ba7 29. g5 g6 30. Kg2 Red8 31. Rxc8 Rxc8 32. Rf1 Rc7 33. Rf2 Bxd4 34.
Rxf7 Rc2+ 35. Rf2+ Rxa2 36. Rxa2 Bxe3 37. Rc2 Bb6 38. Kf1 Kf7 39. Ke2 Ke6 40.
Rc1 Kd5 41. Rd1+ Ke6 42. Rf1 Bd4 43. Rf8 Bd5 44. Kd2 Bc4 45. Re8+ Kf5 46. Rd8
e3+ 47. Kc2 e2 0-1

[Event "I. CLANSKA LIGA ZAHOD 2024"]
[Site "Komenda"]
[Date "2024.09.27"]
[Round "1.5"]
[White "Perme, Martin"]
[Black "Ravnik, Franc"]
[Result "0-1"]
[WhiteElo "1902"]
[BlackElo "1847"]
[PlyCount "64"]
[EventDate "2024.09.27"]
[WhiteTeam "SK KOMENDA"]
[BlackTeam "SD SIJ ACRONI JESENICE"]

1. e4 c5 2. Nf3 Nc6 3. d4 cxd4 4. Nxd4 Nf6 5. Nc3 e5 6. Ndb5 d6 7. Bg5 a6 8.
Na3 Be7 9. f3 O-O 10. Nc4 b5 11. Bxf6 gxf6 12. Ne3 Be6 13. g3 Rc8 14. h4 Kh8
15. Bh3 Rg8 16. g4 Nd4 17. Ncd5 Bxd5 18. exd5 b4 19. g5 Rb8 20. Nf5 Nxf5 21.
Bxf5 Rg7 22. Qd3 Rb5 23. Ke2 Qa5 24. Be4 f5 25. Bxf5 Rxd5 26. Qe3 Bd8 27. Qa7
Bb6 28. Qd7 Qc5 29. Bd3 Qe3+ 30. Kd1 Qxf3+ 31. Kd2 Be3+ 32. Ke1 Qf2+ 0-1

[Event "I. CLANSKA LIGA ZAHOD 2024"]
[Site "Komenda"]
[Date "2024.09.27"]
[Round "1.5"]
[White "Kljucanin, Fahrudin"]
[Black "Macek, Inti"]
[Result "1/2-1/2"]
[WhiteElo "1680"]
[BlackElo "1750"]
[PlyCount "110"]
[EventDate "2024.09.27"]
[WhiteTeam "SD SIJ ACRONI JESENICE"]
[BlackTeam "SK KOMENDA"]

1. d4 d5 2. c4 e6 3. c5 Nf6 4. Nc3 b6 5. cxb6 cxb6 6. a3 Be7 7. Nf3 O-O 8. h3
Bb7 9. Bf4 Nbd7 10. e3 Ne4 11. Nxe4 dxe4 12. Nd2 Nf6 13. Be2 Bd5 14. Rc1 Qd7
15. O-O Rac8 16. Nc4 Qb7 17. Nd6 Rxc1 18. Qxc1 Bxd6 19. Bxd6 Rc8 20. Qd2 Qc6
21. Ba6 Rd8 22. Be7 Re8 23. Bxf6 gxf6 24. Qb4 Qc7 25. Qd2 Bb7 26. Rc1 Qd7 27.
Bxb7 Qxb7 28. Qc3 Kg7 29. a4 Re7 30. b4 Qd5 31. Qc6 Qxc6 32. Rxc6 Rd7 33. b5 f5
34. Kh2 Kf6 35. Kg3 Ke7 36. Kf4 Kd8 37. g4 Rd5 38. Rc2 Kd7 39. gxf5 Rxf5+ 40.
Kxe4 Rh5 41. Kf4 Rxh3 42. Kg4 Rh1 43. Kg5 Rh3 44. Kg4 Rh1 45. f3 Rh6 46. e4
Rg6+ 47. Kf4 f6 48. Rh2 Rg7 49. Rh4 Kd6 50. Rh6 Rf7 51. Rh4 Rg7 52. Rg4 Rc7 53.
Rh4 Rg7 54. Rh1 Rc7 55. Rh6 Rf7 1/2-1/2

[Event "I. CLANSKA LIGA ZAHOD 2024"]
[Site "Komenda"]
[Date "2024.09.28"]
[Round "2.1"]
[White "Furlan, Miha"]
[Black "Rodman, Franc"]
[Result "1-0"]
[WhiteElo "2214"]
[BlackElo "1999"]
[PlyCount "47"]
[EventDate "2024.09.27"]
[WhiteTeam "SK TREBNJE BMP"]
[BlackTeam "SD SIJ ACRONI JESENICE"]

1. e4 e5 2. Nf3 Nc6 3. Bb5 Nf6 4. d3 Bc5 5. c3 d6 6. d4 exd4 7. cxd4 Bb4+ 8.
Bd2 Bxd2+ 9. Nbxd2 Bd7 10. O-O O-O 11. Re1 Ne7 12. Bf1 b6 13. b4 a5 14. a3 Bc6
15. Qc2 axb4 16. axb4 Rxa1 17. Rxa1 Bb7 18. Bd3 Ng6 19. g3 Re8 20. d5 Qd7 21.
Rc1 Rc8 22. Nd4 Ne5 23. Bb5 Qd8 24. f4 1-0

[Event "I. CLANSKA LIGA ZAHOD 2024"]
[Site "Komenda"]
[Date "2024.09.28"]
[Round "2.1"]
[White "Jeraj, Zlatko"]
[Black "Opara, Jan"]
[Result "1-0"]
[WhiteElo "1989"]
[BlackElo "2072"]
[PlyCount "160"]
[EventDate "2024.09.27"]
[WhiteTeam "SD SIJ ACRONI JESENICE"]
[BlackTeam "SK TREBNJE BMP"]

1. c4 Nf6 2. Nc3 e6 3. g3 d5 4. Bg2 dxc4 5. Qa4+ Bd7 6. Qxc4 Bc6 7. Nf3 Nbd7 8.
d4 Nb6 9. Qd3 Bb4 10. Bg5 h6 11. Bxf6 Qxf6 12. O-O Bxf3 13. Bxf3 c6 14. a3 Be7
15. Rad1 h5 16. h4 g5 17. Ne4 Qg7 18. hxg5 h4 19. g4 Nd5 20. Kh1 O-O-O 21. b4
f5 22. gxf6 Nxf6 23. Rg1 a6 24. Qc4 Nd5 25. Nc5 Qf6 26. Rc1 Bd6 27. Ne4 Qf4 28.
Nxd6+ Qxd6 29. b5 axb5 30. Qxb5 Rhf8 31. Qb3 Nf4 32. Rb1 Rf7 33. Qa4 Rc7 34.
Rgc1 Nh3 35. Kg2 Ng5 36. Qa8+ Kd7 37. Qa5 h3+ 38. Kh1 Nxf3 39. exf3 Qf4 40. Qc3
Rf8 41. Rb3 Kc8 42. Re1 Rcf7 43. Qc4 Rf6 44. Rxe6 Qd2 45. Qe2 Qxe2 46. Rxe2
Rxf3 47. Rxf3 Rxf3 48. Kh2 Rxa3 49. g5 Ra5 50. f4 Rf5 51. Re4 b5 52. g6 Rf8 53.
Kxh3 Kd7 54. Kg4 b4 55. f5 b3 56. Re2 Rb8 57. Rb2 Ke7 58. Kg5 Kf8 59. Kf6 Rb6
60. Ke5 Kg7 61. Kd6 Kf6 62. Kc5 Rb8 63. Kxc6 Kxf5 64. g7 Rc8+ 65. Kd7 Rg8 66.
Rxb3 Rxg7+ 67. Kd6 Ra7 68. Re3 Ra6+ 69. Kc5 Ra5+ 70. Kc6 Ra6+ 71. Kb5 Ra8 72.
d5 Kf6 73. d6 Ra1 74. Kb6 Rd1 75. Kc7 Rc1+ 76. Kd8 Kf7 77. Kd7 Ra1 78. Re4 Ra6
79. Kc7 Ra7+ 80. Kc8 Ra8+ 1-0

[Event "I. CLANSKA LIGA ZAHOD 2024"]
[Site "Komenda"]
[Date "2024.09.28"]
[Round "2.1"]
[White "Marinsek, Tomaz"]
[Black "Pazlar, Marko"]
[Result "1-0"]
[WhiteElo "2094"]
[BlackElo "1975"]
[PlyCount "139"]
[EventDate "2024.09.27"]
[WhiteTeam "SK TREBNJE BMP"]
[BlackTeam "SD SIJ ACRONI JESENICE"]

1. e4 e6 2. d4 d5 3. exd5 exd5 4. Nf3 Bd6 5. Bd3 Ne7 6. Bg5 f6 7. Bh4 O-O 8.
O-O Bf5 9. Re1 Qd7 10. Bg3 Bxg3 11. hxg3 Nbc6 12. c3 Rae8 13. Bxf5 Nxf5 14.
Nbd2 Rxe1+ 15. Nxe1 Nb8 16. Nd3 b6 17. Qf3 Re8 18. Nf4 c6 19. Qd3 Kh8 20. Rd1
Nd6 21. b3 b5 22. c4 bxc4 23. bxc4 dxc4 24. Nxc4 Nb5 25. Ne3 Nc7 26. Qc4 Ne6
27. Nxe6 Qxe6 28. Qxe6 Rxe6 29. Rb1 Re8 30. Rb7 a6 31. Nf5 g6 32. Nd6 Rf8 33.
Ne4 f5 34. Ng5 h5 35. Ne6 Re8 36. Nf4 Rg8 37. Nxg6+ Rxg6 38. Rxb8+ Kg7 39. Rb7+
Kg8 40. Rb6 Rd6 41. Rxa6 Rxd4 42. Ra5 Rd1+ 43. Kh2 Rd2 44. Rxf5 Rxa2 45. f3 Ra7
46. Rxh5 Rc7 47. Kg1 c5 48. Kf2 c4 49. Ke3 c3 50. Rh1 Rd7 51. Rc1 Rd2 52. Rxc3
Rxg2 53. Kf4 Kg7 54. g4 Ra2 55. Rc7+ Kg6 56. Rc6+ Kg7 57. g5 Ra4+ 58. Kg3 Ra3
59. Kg4 Ra4+ 60. f4 Rb4 61. Rd6 Ra4 62. Kf5 Ra5+ 63. Ke4 Kf7 64. Rd5 Ra4+ 65.
Kf5 Ra7 66. g6+ Kg7 67. Kg5 Ra2 68. Rd7+ Kg8 69. f5 Ra5 70. Kh6 1-0

[Event "I. CLANSKA LIGA ZAHOD 2024"]
[Site "Komenda"]
[Date "2024.09.28"]
[Round "2.1"]
[White "Pavlin, Ivan"]
[Black "Ivanusa, Blaz"]
[Result "1/2-1/2"]
[WhiteElo "1906"]
[BlackElo "2052"]
[PlyCount "128"]
[EventDate "2024.09.27"]
[WhiteTeam "SD SIJ ACRONI JESENICE"]
[BlackTeam "SK TREBNJE BMP"]

1. d4 d5 2. c4 e6 3. e3 Nf6 4. Nc3 Be7 5. Nf3 O-O 6. Bd3 dxc4 7. Bxc4 a6 8. a3
b5 9. Be2 c5 10. dxc5 Bxc5 11. b4 Be7 12. O-O Bb7 13. Bb2 Nbd7 14. Rc1 Rc8 15.
Qb3 Qb6 16. Nd2 Rfd8 17. Bf3 Ne5 18. Bxb7 Qxb7 19. Rcd1 Qc7 20. h3 Rd3 21. Ndb1
Rxd1 22. Rxd1 Nc4 23. Ba1 Kf8 24. Nd2 Qc6 25. Nf3 Nd6 26. Ne5 Qc7 27. Ne2 Qc2
28. Qxc2 Rxc2 29. Nd4 Ra2 30. Nec6 Nd5 31. Nxe7 Kxe7 32. Nc6+ Kd7 33. Nb8+ Kc7
34. Nxa6+ Kb6 35. Nc5 Kc6 36. Bxg7 Rxa3 37. Bf8 Nc4 38. e4 Nc3 39. Rd8 Ra7 40.
Rc8+ Kb6 41. Kh2 Nd1 42. Kg3 Ra3+ 43. f3 Nde3 44. Rb8+ Kc6 45. Rc8+ Kb6 46.
Nd7+ Kb7 47. Rc5 Ra2 48. Ne5 Rxg2+ 49. Kh4 Nxe5 50. Rxb5+ Ka6 51. Rxe5 Rg6 52.
Rg5 Ng2+ 53. Kh5 Nf4+ 54. Kg4 Rxg5+ 55. Kxg5 Nxh3+ 56. Kf6 h5 57. Kxf7 Ng5+ 58.
Kf6 Nh7+ 59. Kxe6 Nxf8+ 60. Kf5 Kb5 61. Kg5 Kxb4 62. Kxh5 Kc5 63. Kg5 Kd6 64.
Kf6 Ne6 1/2-1/2

[Event "I. CLANSKA LIGA ZAHOD 2024"]
[Site "Komenda"]
[Date "2024.09.28"]
[Round "2.1"]
[White "Brcar, Andrej"]
[Black "Ravnik, Franc"]
[Result "1/2-1/2"]
[WhiteElo "2008"]
[BlackElo "1847"]
[PlyCount "53"]
[EventDate "2024.09.27"]
[WhiteTeam "SK TREBNJE BMP"]
[BlackTeam "SD SIJ ACRONI JESENICE"]

1. e4 c5 2. c3 Nc6 3. d4 cxd4 4. cxd4 d5 5. exd5 Qxd5 6. Nf3 e6 7. Be2 Bb4+ 8.
Nc3 Nf6 9. O-O Bxc3 10. bxc3 O-O 11. Bf4 b5 12. Ne5 Nxe5 13. Bxe5 Bb7 14. Bf3
Qd7 15. Bxf6 gxf6 16. Re1 Rad8 17. Re3 Kh8 18. Bxb7 Qxb7 19. Qh5 Rg8 20. Rg3
Qc7 21. Qh4 Rxg3 22. hxg3 Kg7 23. Qg4+ Kh8 24. Qh4 Kg7 25. Qg4+ Kh8 26. Qh4 Kg7
27. Qg4+ 1/2-1/2

[Event "I. CLANSKA LIGA ZAHOD 2024"]
[Site "Komenda"]
[Date "2024.09.28"]
[Round "2.1"]
[White "Kljucanin, Fahrudin"]
[Black "Dimnik, Miha"]
[Result "0-1"]
[WhiteElo "1680"]
[BlackElo "1864"]
[PlyCount "94"]
[EventDate "2024.09.27"]
[WhiteTeam "SD SIJ ACRONI JESENICE"]
[BlackTeam "SK TREBNJE BMP"]

1. d4 d5 2. c4 e6 3. c5 b6 4. cxb6 axb6 5. a3 Nf6 6. Nf3 Bd6 7. Nc3 O-O 8. Bg5
h6 9. Bxf6 Qxf6 10. e3 Nd7 11. Nb5 Qe7 12. Rc1 c5 13. Be2 Ba6 14. Nxd6 Qxd6 15.
O-O Rfc8 16. Rc3 Bxe2 17. Qxe2 Nf6 18. Nd2 cxd4 19. Rb3 dxe3 20. Qxe3 Rc6 21.
Nf3 Rac8 22. h3 Nd7 23. Re1 Rc4 24. Nd4 Qc5 25. Rd1 Rc1 26. Rxc1 Qxc1+ 27. Qxc1
Rxc1+ 28. Kh2 Rc4 29. Rd3 Nc5 30. Rd1 Kf8 31. Kg3 Ne4+ 32. Kf4 Ke7 33. Ke3 Kf6
34. f3 Nd6 35. Kd3 Nf5 36. Ne2 g5 37. b3 Rc8 38. g4 Ne7 39. Rc1 Rxc1 40. Nxc1
Ng6 41. a4 Nf4+ 42. Ke3 e5 43. b4 Ke6 44. Nb3 Kd6 45. a5 Kc6 46. a6 Ne6 47. Kd3
Nc7 0-1

[Event "I. CLANSKA LIGA ZAHOD 2024"]
[Site "Komenda"]
[Date "2024.09.28"]
[Round "2.2"]
[White "Stevanic, David"]
[Black "Gantar, Jan"]
[Result "0-1"]
[WhiteElo "2242"]
[BlackElo "2169"]
[PlyCount "68"]
[EventDate "2024.09.27"]
[WhiteTeam "SK KOCEVJE"]
[BlackTeam "SK KOMENDA"]

1. e4 Nf6 2. e5 Nd5 3. c4 Nb6 4. d4 d6 5. f4 dxe5 6. fxe5 c5 7. d5 g6 8. Bf4
Bg7 9. Nc3 O-O 10. Qd2 e6 11. O-O-O exd5 12. cxd5 c4 13. Nf3 Na6 14. Ne4 Bf5
15. Bg5 Bxe4 16. Bxd8 Rfxd8 17. Qf4 Bxd5 18. Be2 Rac8 19. Kb1 Nc5 20. Ng5 c3
21. bxc3 Nca4 22. Rxd5 Nxc3+ 23. Kb2 Rxd5 24. Qxf7+ Kh8 25. Qe6 h6 26. Nf7+ Kh7
27. h4 Ne4 28. h5 gxh5 29. Bxh5 Nc4+ 30. Ka1 Nxe5 31. Qxc8 Rb5 32. a4 Nc4+ 33.
Ka2 Rb2+ 34. Ka1 Rc2+ 0-1

[Event "I. CLANSKA LIGA ZAHOD 2024"]
[Site "Komenda"]
[Date "2024.09.28"]
[Round "2.2"]
[White "Lucovnik, Tilen"]
[Black "Acimovic, Vasja"]
[Result "0-1"]
[WhiteElo "2169"]
[BlackElo "2287"]
[PlyCount "116"]
[EventDate "2024.09.27"]
[WhiteTeam "SK KOMENDA"]
[BlackTeam "SK KOCEVJE"]

1. e4 c5 2. c3 Nf6 3. e5 Nd5 4. Bc4 Nb6 5. Bb3 d5 6. exd6 Qxd6 7. Nf3 c4 8. Bc2
Qe6+ 9. Qe2 Qxe2+ 10. Kxe2 f6 11. b3 e5 12. bxc4 Nxc4 13. d4 Bg4 14. Nbd2 Nxd2
15. Bxd2 exd4 16. cxd4 Bd6 17. h3 Bd7 18. Rab1 Bc6 19. Bb4 Bxb4 20. Rxb4 Na6
21. Rb2 O-O-O 22. Rd1 Nc7 23. Kf1 g6 24. Bb3 Rd6 25. Bc4 Rhd8 26. Rbd2 Nd5 27.
Bxd5 Bxd5 28. a3 Ra6 29. Rc1+ Kb8 30. Rc3 Rc8 31. Rdc2 Rac6 32. Rxc6 Rxc6 33.
Rxc6 Bxc6 34. Nd2 Kc7 35. Nb1 b5 36. g3 Kb6 37. Ke2 Ka5 38. Nc3 b4 39. axb4+
Kxb4 40. Kd3 a5 41. d5 Bd7 42. g4 f5 43. f3 a4 44. Kd4 a3 45. d6 Kb3 46. Kd3 a2
47. Nxa2 Kxa2 48. Kd4 Kb3 49. Ke5 Kc4 50. Kf6 Kd5 51. Kg7 Kxd6 52. Kxh7 Ke5 53.
Kxg6 f4 54. Kg5 Bc6 55. h4 Bxf3 56. h5 Be4 57. Kh4 Kd4 58. g5 f3 0-1

[Event "I. CLANSKA LIGA ZAHOD 2024"]
[Site "Komenda"]
[Date "2024.09.28"]
[Round "2.2"]
[White "Acimovic, Sergej"]
[Black "Keber, Aljosa"]
[Result "1/2-1/2"]
[WhiteElo "2120"]
[BlackElo "2103"]
[PlyCount "60"]
[EventDate "2024.09.27"]
[WhiteTeam "SK KOCEVJE"]
[BlackTeam "SK KOMENDA"]

1. d4 Nf6 2. c4 c5 3. d5 b5 4. cxb5 a6 5. Nc3 axb5 6. e4 b4 7. Nb5 d6 8. Bc4 g6
9. e5 dxe5 10. d6 exd6 11. Bg5 Bb7 12. Qb3 d5 13. Rd1 Nbd7 14. Rxd5 Bxd5 15.
Bxd5 Ra6 16. Bxf7+ Ke7 17. Nf3 Qa5 18. Bc4 h6 19. Bh4 g5 20. Bg3 Ne4 21. Bxe5
Nxe5 22. Nxe5 Bg7 23. O-O Bxe5 24. Qe3 Re6 25. Bxe6 Kxe6 26. Qxe4 Qxb5 27. Re1
Qb8 28. Qg6+ Kd5 29. Qe4+ Ke6 30. Qg6+ Kd5 1/2-1/2

[Event "I. CLANSKA LIGA ZAHOD 2024"]
[Site "Komenda"]
[Date "2024.09.28"]
[Round "2.2"]
[White "Zidar, Jernej"]
[Black "Bajo, Tin"]
[Result "0-1"]
[WhiteElo "2055"]
[BlackElo "2007"]
[PlyCount "76"]
[EventDate "2024.09.27"]
[WhiteTeam "SK KOMENDA"]
[BlackTeam "SK KOCEVJE"]

1. d4 d5 2. c4 dxc4 3. Nf3 Nf6 4. e3 e6 5. Bxc4 a6 6. a4 c5 7. O-O cxd4 8. Nxd4
Bd7 9. Nd2 Nc6 10. N2f3 Be7 11. Qe2 O-O 12. Rd1 Qb6 13. e4 Nxd4 14. Nxd4 e5 15.
Nb3 Bg4 16. Qe3 Qxe3 17. Bxe3 Bxd1 18. Rxd1 Rfd8 19. Rb1 Nxe4 20. f3 Nf6 21.
Bb6 Rdc8 22. Bd3 Nd7 23. Bf2 Nc5 24. Nxc5 Bxc5 25. Be4 Bxf2+ 26. Kxf2 Rc7 27.
Rd1 g6 28. g4 h6 29. Ke3 Kg7 30. Rd6 Re8 31. Rb6 Re6 32. Rxb7 Rxb7 33. Bxb7 Rb6
34. Bc8 a5 35. h4 Rxb2 36. h5 gxh5 37. gxh5 Rb1 38. Bd7 Kf6 0-1

[Event "I. CLANSKA LIGA ZAHOD 2024"]
[Site "Komenda"]
[Date "2024.09.28"]
[Round "2.2"]
[White "Mestek, Igor"]
[Black "Macek, Inti"]
[Result "1/2-1/2"]
[WhiteElo "2080"]
[BlackElo "1750"]
[PlyCount "192"]
[EventDate "2024.09.27"]
[WhiteTeam "SK KOCEVJE"]
[BlackTeam "SK KOMENDA"]

1. e4 e5 2. Nf3 Nc6 3. d4 exd4 4. Nxd4 Bb4+ 5. c3 Bc5 6. Be3 Bb6 7. g3 d6 8.
Bg2 Nge7 9. O-O O-O 10. Nd2 Ne5 11. h3 f6 12. f4 N5c6 13. Nc4 Bxd4 14. Bxd4 Be6
15. Ne3 Qd7 16. Kh2 Nxd4 17. Qxd4 Nc6 18. Qd3 Rae8 19. b3 Bf7 20. Qb5 Qc8 21.
Rfe1 Bg6 22. Nf5 a6 23. Qd5+ Qe6 24. Qxe6+ Rxe6 25. Nd4 Re7 26. e5 Nxd4 27.
cxd4 c6 28. d5 dxe5 29. dxc6 bxc6 30. Rac1 Rd8 31. Re2 Bd3 32. Re3 e4 33. Rxc6
f5 34. g4 g6 35. gxf5 gxf5 36. Rf6 Rf7 37. Rg3+ Kf8 38. Rc6 Bb5 39. Rc5 Bd3 40.
Kg1 Bb1 41. Bf1 Bd3 42. Ra5 Rd6 43. Kf2 Bxf1 44. Kxf1 Rff6 45. Rc3 Kg7 46. Rcc5
Kg6 47. Kf2 Rd7 48. Rd5 Rxd5 49. Rxd5 Rc6 50. Ra5 Rc2+ 51. Kg3 Rc6 52. b4 Rb6
53. a3 Re6 54. Kf2 Rb6 55. Ke3 Kf6 56. h4 h5 57. Rc5 Ke6 58. Re5+ Kf6 59. Ra5
Ke6 60. Kd4 Rd6+ 61. Kc4 Rc6+ 62. Kb3 Rb6 63. Re5+ Kf6 64. a4 Re6 65. b5 axb5
66. a5 Rd6 67. Kb4 Rd1 68. a6 Ra1 69. Kxb5 Rb1+ 70. Kc6 Rc1+ 71. Kb6 Rb1+ 72.
Kc6 Rc1+ 73. Rc5 Rxc5+ 74. Kxc5 e3 75. a7 e2 76. a8=Q e1=Q 77. Qf8+ Kg6 78.
Qg8+ Kf6 79. Qg5+ Ke6 80. Qh6+ Kd7 81. Qd6+ Kc8 82. Qf8+ Kc7 83. Qf7+ Kd8 84.
Kd6 Qb4+ 85. Ke6 Qe4+ 86. Kf6 Qxf4 87. Qxh5 Qd6+ 88. Kxf5 Qd5+ 89. Kg6 Qxh5+
90. Kxh5 Ke7 91. Kg6 Kf8 92. Kh7 Kf7 93. h5 Kf8 94. h6 Kf7 95. Kh8 Kf8 96. h7
Kf7 1/2-1/2

[Event "I. CLANSKA LIGA ZAHOD 2024"]
[Site "Komenda"]
[Date "2024.09.28"]
[Round "2.2"]
[White "Cimperman, Teo"]
[Black "Mihic, Adam"]
[Result "0-1"]
[WhiteElo "1702"]
[BlackElo "1781"]
[PlyCount "60"]
[EventDate "2024.09.27"]
[WhiteTeam "SK KOMENDA"]
[BlackTeam "SK KOCEVJE"]

1. e4 e5 2. Nf3 Nc6 3. Bc4 Nf6 4. Nc3 Nxe4 5. Bxf7+ Kxf7 6. Nxe4 d5 7. Neg5+
Kg8 8. d3 h6 9. Nh3 Bg4 10. Bd2 e4 11. dxe4 dxe4 12. Qe2 Qd5 13. c4 Qd7 14. Nf4
exf3 15. gxf3 Nd4 16. Qd3 Nxf3+ 17. Kf1 Nxd2+ 18. Kg1 Qxd3 19. Nxd3 Bf3 20. Re1
Kh7 21. Ne5 Bxh1 22. Kxh1 Bd6 23. Nf7 Rhf8 24. Nxd6 cxd6 25. Kg2 Rae8 26. Rd1
Re2 27. Kg3 Rexf2 28. Re1 R8f3+ 29. Kh4 g5+ 30. Kg4 Rg2+ 0-1

[Event "I. CLANSKA LIGA ZAHOD 2024"]
[Site "Komenda"]
[Date "2024.09.28"]
[Round "2.3"]
[White "Brezovar, Matjaz"]
[Black "Praznik, Niko"]
[Result "1/2-1/2"]
[WhiteElo "2182"]
[BlackElo "2313"]
[PlyCount "61"]
[EventDate "2024.09.27"]
[WhiteTeam "SK DOLENJSKE TOPLICE"]
[BlackTeam "SD VRHNIKA"]

1. g3 e5 2. Bg2 d5 3. d3 Nc6 4. Nf3 h6 5. O-O Nf6 6. a3 a5 7. b3 Be7 8. Bb2 d4
9. c3 O-O 10. cxd4 exd4 11. Nbd2 Be6 12. Rc1 Bd5 13. Rc2 Qd7 14. Qa1 Rfd8 15.
Rfc1 Rac8 16. Nc4 Qe6 17. Re1 Bc5 18. e4 dxe3 19. Nxe3 Bxf3 20. Bxf3 Nd4 21.
Bxd4 Bxd4 22. Qb1 Bxe3 23. Rxe3 Qa6 24. b4 axb4 25. axb4 Rd7 26. Qb3 Rcd8 27.
Qc4 Qb6 28. Qc5 Qxc5 29. Rxc5 c6 30. b5 Rxd3 31. Rxd3 1/2-1/2

[Event "I. CLANSKA LIGA ZAHOD 2024"]
[Site "Komenda"]
[Date "2024.09.28"]
[Round "2.3"]
[White "Justin, Matjaz"]
[Black "Luzar, Emil"]
[Result "1/2-1/2"]
[WhiteElo "2215"]
[BlackElo "2116"]
[PlyCount "60"]
[EventDate "2024.09.27"]
[WhiteTeam "SD VRHNIKA"]
[BlackTeam "SK DOLENJSKE TOPLICE"]

1. e4 c5 2. Nf3 d6 3. d4 cxd4 4. Nxd4 Nf6 5. Nc3 g6 6. Be3 Bg7 7. f3 O-O 8. Qd2
Nc6 9. O-O-O d5 10. exd5 Nxd5 11. Nxc6 bxc6 12. Bd4 e5 13. Bc5 Be6 14. Ne4 Re8
15. h4 Nb6 16. Qe1 Nd7 17. Ng5 Bd5 18. Be3 e4 19. fxe4 Bxe4 20. Qf2 Qf6 21. Bd4
Qxf2 22. Bxf2 Bf5 23. Nf3 Bg4 24. Bc4 Ne5 25. Nxe5 Bxe5 26. Rde1 h5 27. Bd3 a5
28. a4 Rab8 29. Rxe5 Rxe5 30. Bg3 Rbe8 1/2-1/2